000 00529nam a2200193 a 4500
001 1771665029715
003 YourLibrary
005 20260221144226.0
008 260221s1993##################000#0#eng##
020 _a9780521422123
082 0 4 _a338.477009
_bHEI
100 1 _aHeilbrun, James,
_eauthor.
245 1 0 _aThe Economics of Art and Culture :
260 _bCambridge University Press,
_c1993.
300 _a398 pages
650 0 _aBusiness & Economics.
942 _cENGLISH
040 _aYourLibrary
_beng
_cYourLibrary
999 _c615105
_d615105